000 00213 a2200097 4500
001 30386
100 _aMAR, Edward Thom
245 _aCollected Poems
260 _aLondon
_bFaber & Faber
_c
090 _c20338
_d20338
942 _aNUST-CAE
_cM
_c11490
999 _c265459
_d265459